| 000 | 00461cam a2200181ua 4500 | ||
|---|---|---|---|
| 001 | 1305 | ||
| 008 | 110701n ii |||gr||||Z||||||eng | ||
| 040 | _cMAIN | ||
| 082 | _a338.9 | ||
| 245 | 1 |
_aEconomics of growth and planning. _cBy R L Goel. |
|
| 250 | _a5th. | ||
| 260 |
_aDelhi.: _bMeenakshi prakashan.,987. |
||
| 300 |
_avii, 587 p.: _c25 cm. |
||
| 653 | _aEconomics. | ||
| 653 | _aEconomics of growth and planning. | ||
| 700 | 1 | _aGoel, R L., | |
| 942 | _cBK | ||
| 999 |
_c1206 _d1206 |
||